00382 a2200109 450000100060000008200100000610000440001624500870006026000460014730000560019350000230024987689 aPR 66 aM Waqas Khalid , Plt Off 15640 71(B) EC aDesign, fabrication and measurement of a wideband differential low noise amplifier aRisalpurbCAE, PAF Academy Risalpurc2011 a69p.eShahzad Arshad, Sqn Ldr; M Ajmal Khan, Wg Cdr aBE Project Reports